¿Qué es el derecho? Introducción filosófica a su estudio.

সংরক্ষণ করুন:
গ্রন্থ-পঞ্জীর বিবরন
প্রধান লেখক: Dorantes Tamayo, Luis (autor)
বিন্যাস: গ্রন্থ
ভাষা:স্প্যানিশ
প্রকাশিত: México, D. F., México: UTEHA, 1962.
সংস্করন:Primera edición.
মালা:Manuales UTEHA, 125-125a.
বিষয়গুলি:
ট্যাগগুলো: ট্যাগ যুক্ত করুন
কোনো ট্যাগ নেই, প্রথমজন হিসাবে ট্যাগ করুন!

MARC

LEADER 00000nam a2200000 a 4500
001 UCS6583
003 CL-VaPUC
005 20220822114332.0
008 970926e19620000MX |||||||||||||||||spa|d
999 |c 262229  |d 262227 
040 |c Pontificia Universidad Católica de Valparaíso 
082 0 4 |a 340.1 DOR 1962  |2 21 
100 1 |a Dorantes Tamayo, Luis  |e autor  |9 391911 
245 1 0 |a ¿Qué es el derecho?  |b Introducción filosófica a su estudio. 
250 |a Primera edición. 
260 |a México, D. F., México:  |b UTEHA,  |c 1962. 
300 |a 277 páginas. 
490 0 |a Manuales UTEHA, 125-125a. 
500 |a c.2 Donación Familia Prof. Alejandro Guzmán Brito. 
583 |a last modification  |c 19970926 00:00:00  |k Rodrigo Vera 
650 0 |a Filosofía del derecho   |9 255050 
650 0 |a Ontología   |9 256850 
650 0 |a Derecho positivo  |9 255911 
650 0 |a Derecho natural   |9 255041 
650 0 |a Axiología  |9 334895 
650 0 |a Justicia   |9 255408 
650 0 |a Verdad  |9 313815 
942 |c BK  |2 ddc  |n 0 
945 |d 19970926 00:00:00  |a lriquelm 
952 |0 0  |1 0  |4 0  |6 340_100000000000000_DOR_1962  |7 0  |8 DER_TF  |9 290489  |a BIBDER  |b BIBDER  |d 2019-11-19  |i 1885685  |o 340.1 DOR 1962  |p 1885685  |r 2023-01-25  |w 2019-11-19  |x Ubicación 4to Piso  |y BK  |z Estos recursos deben solicitarse con anticipación  |k DER